Soudobá sociologie II : Teorie sociálního jednání a sociální struktury

Saved in:
Bibliographic Details
Main Author: Šubrt, Jiří (Author)
Format: Book
Language:Czech
Published: Praha : Karolinum, 2008
Subjects:
Tags: Add Tag
No Tags, Be the first to tag this record!

MARC

LEADER 00000nam a22000003a 4500
001 stu159708
005 20150617225957.7
008 080311s2008----xr------------------cze-d
020 |a 978-80-246-1413-7 
040 |a STU  |b slo 
041 0 |a cze 
044 |a xr 
100 1 |a Šubrt, Jiří  |4 aut 
245 1 |a Soudobá sociologie II :  |b Teorie sociálního jednání a sociální struktury 
260 |a Praha :  |b Karolinum,  |c 2008 
300 |a 392 s 
650 7 |a sociológia  |2 stusub 
996 |b I5933  |c I*5933  |l II680  |s A  |a 24  |w stu159708_0001